LEADER 01474nam a2200337 a 4500 001 000000126895 003 CaOOAMICUS 005 20111109085303.0 008 111109s2009 it u000 u ita r 040 $aPUL$bita 041 1 $aita$hger 082 04$a035 100 1 $aBeck, Ulrich,$d1944-$0(OLS)http://pul/name/39416 240 10$aWas ist Globalisierung?.$lItaliano.$0(OLS)http://pul/title/160301 245 10$aChe cos'č la globalizzazione :$brischi e prospettive della societą planetaria /$cUlrich Beck. 260 $aRoma :$bCarocci,$c©2009. 300 $a198 p. ;$c22 cm. 490 1 $aQuality paperbacks ;$v276 500 $aTraduzione di Emanuele Cafagna e Carlo Sandrelli. 504 $aComprende riferimenti bibliografici. 650 4$aGlobalizzazione.$0(OLS)http://pul/subject/38133 700 1 $aCafagna, Emanuele.$0(OLS)http://pul/name/31637 700 1 $aSandrelli, Carlo.$0(OLS)http://pul/name/80977 830 0$aQuality paperbacks (Carocci) ;$v276.$0(OLS)http://pul/title/103487 850 $aPUL 852 $aPUL$W1$xDP2 Cons. Gen., Altre Classi 3$y97$m035 COLL 1.276$j146723$qDDC 21$B145418$CPULBib$Z2$F145418 $H116202 $82 941 1 $a9 996 $6082$a035$9(OLS)http://pul/classification/471 996 $6245$aChe cos'č la globalizzazione :$brischi e prospettive della societą planetaria$9(OLS)http://pul/title/160302 996 $6260$aRoma :$bCarocci$9(OLS)http://pul/publisher/66917 LEADER 01796nam a2200325 u 4500 001 000000037944 003 CaOOAMICUS 005 20070226113825.0 008 980420s1887 it u000 u ita u 035 $a10790991 040 $aPUL(R)$bita 110 1 $aItalia.$0(OLS)http://pul/name/1188 240 10$aCodice civile$9(Italia).$0(OLS)http://pul/title/51181 245 10$aCodice civile preceduto dalle Relazioni ministeriale e senatoria, dalle discussioni parlamentari, e dai verbali della Commissione coordinatrice ...$nIII,$pVerbali della commissione di coordinamento /$c[a cura di] Sebastiano Gianzana .. 246 30$aVerbali della commissione di coordinamento 260 $aTorino :$bUnione tipografico editrice,$c1887. 300 $a716 p. ;$c15 cm 490 1 $aCollezione tascabile dei codici italiani ;$v4 500 $aContiene indici. 504 $aBibliografia in nota. 610 14$aItalia.$tCodice civile.$0(OLS)http://pul/subject/33991 650 4$aDiritto civile$zItalia.$0(OLS)http://pul/subject/3770 700 1 $aGianzana, Sebastiano.$0(OLS)http://pul/name/28416 830 0$aCollezione tascabile dei codici italiani ;$v4.$0(OLS)http://pul/title/25820 850 $aPUL 852 $aPUL$W1$xDP1 Antico 800$y27$m170 H 26$j51792$nBK-PRI$b $qStampati Antico$B51792$CPULBib$Z2$F51792 $H $81 941 1 $a15 996 $6245$aCodice civile preceduto dalle Relazioni ministeriale e senatoria, dalle discussioni parlamentari, e dai verbali della Commissione coordinatrice ...$nIII,$pVerbali della commissione di coordinamento$9(OLS)http://pul/title/51592 996 $6246$aVerbali della commissione di coordinamento$9(OLS)http://pul/title/51593 996 $6260$aTorino :$bUnione tipografico editrice$9(OLS)http://pul/publisher/63431 LEADER 01621nam a2200337 u 4500 001 000000075679 003 CaOOAMICUS 005 20070226123128.0 008 031015s2003 it u000 u ita u 020 $a8882944697 035 $a10973017 040 $aPUL$bita 110 1 $aItalia.$0(OLS)http://pul/name/1188 240 10$aLeggi, ecc.$9(Italia).$0(OLS)http://pul/title/1565 245 13$aIl codice del giudice di pace :$bcon il commento articolo per articolo al D.L.vo 28 agosto 2000, n. 274 ed alle norme del Codice di procedura civile /$cFrancesco Bartolini, Piermaria Corso. 250 $a3. ed. 260 $aPiacenza :$bLa Tribuna,$c2003. 300 $a1054 p. ;$c20 cm 490 1 $a2003 i codici illustrati 500 $aSulla cop.: "Aggiornato alla L. 14/11/02, n. 259". 500 $aComprende indici. 650 4$aProcedura civile$zItalia.$0(OLS)http://pul/subject/14566 700 1 $aCorso, Piermaria.$0(OLS)http://pul/name/35334 700 1 $aBartolini, Francesco,$d1942-$0(OLS)http://pul/name/35926 830 0$a2003 i codici illustrati.$0(OLS)http://pul/title/99311 850 $aPUL 852 $aPUL$W1$xDP2 Cons. Gen., Altre Classi 1$y61$m1379 B 19$j97327$nBK-PRI$qStampati$B97327$CPULBib$Z2$F97327 $H91972 $82 941 1 $a8 996 $6020$a8882944697$9(OLS)http://pul/number/98883 996 $6245$aIl codice del giudice di pace :$bcon il commento articolo per articolo al D.L.vo 28 agosto 2000, n. 274 ed alle norme del Codice di procedura civile$9(OLS)http://pul/title/99310 996 $6260$aPiacenza :$bLa Tribuna$9(OLS)http://pul/publisher/69734